Đang tải...
Sathu saval /
| Tác giả chính: | |
|---|---|
| Định dạng: | Printed Book |
| Ngôn ngữ: | English |
| Được phát hành: |
Kitabhandhar,
1984.
|
| LEADER | 00432nam a2200133Ia 4500 | ||
|---|---|---|---|
| 008 | 121027s9999 xx 000 0 eng d | ||
| 082 | |b SAA H | ||
| 100 | |a Amritha Preetham | ||
| 245 | |a Sathu saval / | ||
| 260 | |b Kitabhandhar, |c 1984. | ||
| 300 | |a 132 | ||
| 500 | |a (Secondary collection) | ||
| 999 | |c 65994 |d 65994 | ||
| 952 | |0 0 |1 0 |4 0 |6 868_000000000000000_4A2_SAA_H |7 0 |9 65971 |a UL |b UL |c ST2 |d 2012-10-27 |l 0 |o 868.4A2 SAA H |p G4844 |r 2012-10-27 |w 2012-10-27 |y BK | ||